000 01075nam a2200253 a 4500
003 BD-DhJNU
005 20251222050018.0
008 251108s2023 bg |||g |||| 000 1|ben|d
020 _a9789849749257
040 _aBD-DhJNU
_bben
_cBD-DhJNU
_dBD-DhJNU
041 _aben
082 _a491.44092 ISB
_223
100 _aইসলাম, এম. এম. রিজাউল
242 1 0 _aLinguist Humayun Azad /
_cM. M. Rejaul Islam
245 1 0 _aভাষাবিজ্ঞানী হুমায়ুন আজাদ /
_cএম. এম. রিজাউল ইসলাম
246 _abhashabigyani Humayun Azad
250 _a1st ed.
260 _aঢাকা :
_bমাদার্স পাবলিকেশন্স,
_c2023.
300 _a২৬০ পৃ. :
_bচিত্র ;
_c২১ সেমি.।
504 _aগ্রন্থপঞ্জিগত নির্দেশিকা ও নিঘন্ট অন্তভূক্ত
650 _aবাংলা ভাষাবিজ্ঞান
650 _aBengali linguistics
942 _cBK
999 _c2458
_d2458